000 01357cam a22003133a 4500
001 2509
005 20231213141534.0
020 _a0060852348 (trade bdg.)
020 _a006085233X (pbk.)
020 _a9780060852344
020 _a9780060852337
040 _aOCO
_cOCO
_dOCO
_dBAKER
_dDLC
_beng
050 0 0 _aMLCS 2006/43321
082 _a823.92
100 1 _aLewis, C. S.
245 1 0 _aLucy's adventure :
_bthe search for Aslan, the great lion /
260 _aLondon :
_bHarperCollins,
_c2005
300 _a63 pages :
_billustrations ; map ;
_c21 cm
490 _aChronicles of Narnia
505 _aZ
520 _aAt first Lucy Pevensie is terribly sad when she is sent with her sister and brothers far away to the countryside to escape the dangers of wartime London. But when they arrive, something wonderful happens: A game of hide-and-seek turns into the adventure of a lifetime! In the magical land of Narnia, Lucy and her brothers and sister meet Aslan, the Great Lion, who calls them to fulfill their destiny -- free Narnia from the evil White Witch!
521 _a900
_bLexile estimate
521 _aZ
_bRaz-Plus
650 0 _aNarnia (Imaginary place)
_vJuvenile fiction.
650 0 _aFantasy fiction, English.
650 0 _aChildren's stories, English.
906 _a7
_bcbc
_ccopycat
_d2
_encip
_f20
_gy-gencatlg
942 _2ddc
_cBK
_n0
999 _c2509
_d2509